Nuevas vías de pertenencia a la Iglesia (Record no. 96590)

MARC details
000 -LEADER
campo de control de longitud fija 00802nam a2200229 i 4500
001 - NÚMERO DE CONTROL
campo de control 96590
003 - IDENTIFICADOR DE NÚMERO DE CONTROL
campo de control ES-MaACL
005 - FECHA Y HORA DE LA ÚLTIMA TRANSACCIÓN
campo de control 20250814063223.0
007 - CAMPO FIJO DE DESCRIPCIÓN FÍSICA--INFORMACIÓN GENERAL
campo de control de longitud fija t|
008 - DATOS DE LONGITUD FIJA--INFORMACIÓN GENERAL
campo de control de longitud fija 050628s1972 sp ||||1| spa d
100 1# - ENTRADA PRINCIPAL--NOMBRE DE PERSONA
Nombre de persona Maldonado, Luis,
Fechas asociadas al nombre 1930-
9 (RLIN) 143125
245 10 - MENCIÓN DEL TÍTULO
Título Nuevas vías de pertenencia a la Iglesia
Resto del título : identidad y participación /
Mención de responsabilidad, etc. Luis Maldonado Arenas, C. Floristán, A. Pascual.
260 ## - PUBLICACIÓN, DISTRIBUCIÓN, ETC.
Lugar de publicación, distribución, etc. Madrid :
Nombre del editor, distribuidor, etc. Marova,
Fecha de publicación, distribución, etc. 1972.
300 ## - DESCRIPCIÓN FÍSICA
Extensión 114 p. ;
Dimensiones 21 cm.
490 1# - MENCIÓN DE SERIE
Mención de serie Experiencias y Estudios Pastorales
650 #4 - PUNTO DE ACCESO ADICIONAL DE MATERIA--TÉRMINO DE MATERIA
Término de materia o nombre geográfico como elemento de entrada Historia eclesiástica-
Subdivisión cronológica S.XX.
9 (RLIN) 146437
700 1# - ENTRADA AGREGADA--NOMBRE PERSONAL
Nombre de persona Floristán, Casiano (
Fechas asociadas al nombre 1926-2006)
9 (RLIN) 51340
700 1# - ENTRADA AGREGADA--NOMBRE PERSONAL
Nombre de persona Pascual, A.
9 (RLIN) 89338
830 0# - PUNTO DE ACCESO ADICIONAL DE SERIE-TÍTULO UNIFORME
Título uniforme Experiencias y Estudios Pastorales
9 (RLIN) 232255
852 ## - LOCALIZACIÓN
Ubicación ES-MaACL
Número de control de estantería C-45139
Sublocalización o colección R.81050
Holdings
Estatus retirado Estado de pérdida Estado de daño No para préstamo Biblioteca de origen Biblioteca actual Ubicación en estantería Fecha de adquisición Fuente de adquisición Total de préstamos Signatura topográfica completa Código de barras Visto por última vez Precio de reemplazo Tipo de ítem Koha
        Biblioteca del Ateneo de Madrid Biblioteca del Ateneo de Madrid Depósito 2 17/01/2008     C-45139 1100842 23/02/2023 23/02/2023 Libro impreso